A Minecraft Movie Picture Quiz - Statistics

General Stats
  • This quiz has been taken 10 times
  • The average score is 5 of 9
Answer Stats
Picture Answer % Correct
Steve
100%
Henry
80%
Garrett
60%
Dawn
50%
General Chungus
50%
Natalie
50%
Malgosha
40%
NitWit
30%
Marlene
20%
No matching quizzes found
Score Distribution
Percent of People with Each Score
Percentile by Number Answered
Your Score History
You have not taken this quiz